| 000 -ლიდერი |
| ფიქსირებული სიგრძის საკონტროლო ველი |
01809nam a22002657a 4500 |
| 003 - საკონტროლო ნომრის იდენტიფიკატორი |
| საკონტროლო ველი |
Ge_BSU |
| 005 - ბოლო ოპერაციის თარიღი და დრო |
| საკონტროლო ველი |
20240712103031.0 |
| 008 - ფიქსირებული სიგრძის მონაცემთა ელემენტები - ზოგადი ინფორმაცია |
| ფიქსირებული სიგრძის საკონტროლო ველი |
240712s2018 ge ||||| |||| 00| 0 geo d |
| 020 ## - წიგნის საერთაშორისო სტანდარტული ნომერი |
| International Standard Book Number |
9789941804809 |
| 041 ## - ენის კოდი |
| Language code of text/sound track or separate title |
geo |
| 080 ## - უნივერსალური ათობითი კლასიფიკაციის ინდექსი |
| Universal Decimal Classification number |
615.849.5+616.31რ-15 |
| 245 ## - ცნობა სათაურის შესახებ |
| Title |
რადიოგრაფიის პრინციპები და რადიაციული უსაფრთხოება სტომატოლოგიაში : |
| Remainder of title |
[სახელმძღვანელო] / |
| Statement of responsibility, etc |
ზურაბ ალხანიშვილი, ქეთევან გოგილაშვილი, გვანცა ტაბაღუა, ლილე კვაცაშვილი ; რედ. ქეთევან აბრამიშვილი. |
| 264 ## - წარმოების, გამოცემის, დისტრიბუციის და სხვა ცნობები |
| გამოცემის, წარმოების, დისტრიბუციის... ადგილი |
თბილისი, |
| გამოცემის, წარმოების, დისტრიბუციის... თარიღი |
2018. |
| 300 ## - ფიზიკური აღწერა |
| Extent |
180 გვ. : |
| Other physical details |
სურ., ცხრ. ; |
| Dimensions |
23 სმ. |
| 500 ## - ზოგადი შენიშვნა |
| General note |
ghtwriter / Fotolia. წიგნი დაბეჭდილია სტამბაში IMAK, თურქეთი. |
| 653 ## - INDEX TERM--UNCONTROLLED |
| Uncontrolled term |
სამედიცინო რადიოლოგია. სტომატოლოგია. |
| 653 ## - INDEX TERM--UNCONTROLLED |
| Uncontrolled term |
მედიცინა |
| 653 ## - INDEX TERM--UNCONTROLLED |
| Uncontrolled term |
Dental radiography principles and radiation protection in dentistry : [Textbook] |
| 700 ## - ADDED ENTRY--PERSONAL NAME |
| Personal name |
ალხანიშვილი, ზურაბ |
| Relator term |
ავტორი. |
| 9 (RLIN) |
8430 |
| 700 ## - ADDED ENTRY--PERSONAL NAME |
| Personal name |
გოგილაშვილი, ქეთევან, |
| Relator term |
ავტორი. |
| 9 (RLIN) |
22814 |
| 700 ## - ADDED ENTRY--PERSONAL NAME |
| Personal name |
ტაბაღუა, გვანცა, |
| Relator term |
ავტორი. |
| 9 (RLIN) |
8431 |
| 700 ## - ADDED ENTRY--PERSONAL NAME |
| Personal name |
კვაცაშვილი, ლილე, |
| Relator term |
ავტორი. |
| 9 (RLIN) |
22815 |
| 700 ## - ADDED ENTRY--PERSONAL NAME |
| Personal name |
აბრამიშვილი, ქეთევან, |
| Relator term |
რედაქტორი და სხვ |
| 9 (RLIN) |
22816 |
| 942 ## - ADDED ENTRY ELEMENTS (KOHA) |
| Source of classification or shelving scheme |
|
| Koha item type |
წიგნი |